000 00963nam a2200253 u 4500
001 000020731
005 20250918100823.0
008 100813s2015 dr a r 000 0 spa d
020 _a9789945589801
040 _aDO-SdBNP
_bspa
_cBNPHU
082 _a364.1534
_bB453a
100 1 _aBeltré, Gregorio
_943483
245 1 0 _aAmor, sexo y prostitución en República Dominicana /
_cGregorio Beltré ; editor Alberto Garrido.
260 _aSanto Domingo :
_bSantuario,
_c2015.
300 _a90 p. :
_bil. ;
_c23 cm.
500 _aIncluye datos biográficos del autor en las solapas
504 _aIncluye referencias bibliográficas y notas al pie de las páginas
590 _aInventariado, 2018/BT
650 4 _aProstitución
_zRepública Dominicana
_943484
650 0 _aEnfermedades de transmisión sexual
_9911
650 4 _aProstitutas
_zRepública Dominicana
_943485
700 1 _aGarrido, Alberto,
_eed.
_943486
910 _aValidado. Control de calidad. MFF
999 _c20235
_d20235